00645 a2200193 4500003000400000005001700004008004100021020001800062040000900080082001900089100002400108245006100132250001200193260003300205300001400238942004400252952013800296999001700434OSt20260309093409.0260307b |||||||| |||| 00| 0 eng d a9788126424450 coclc a869.342bCOE/V1 aCoelho, Paulo95599 aVIJAYI EKANANU = THE WINNER STANDS ALONE /cPAULO COELHO a7th Ed. aKottayam:bD C Books.c2023, a431 pages 2ddccBKh869.342iCOE/Vk869.342mCOE/V 00102ddc40708FICaMESbMEScMALd2026-03-07g499.00l0o869.342 COE/Vp46163r2026-03-07 15:46:42v499.00w2026-03-07yBKzGR24R2 c44690d44690